00804 a2200205 450000100060000002000150000604000370002110000170005824000350007524500300011030000110014036200060015165000240015794200070018195201050018895200960029395200960038995200960048599900170058172086 a8574950157 cAnchieta - Colégio São Paulo aRhod, Angela10aNo reino da Frutolândialpor10aNo reino da Frutolândia a[16p.]0 a0 4aLiteratura infantil cBK 00104070a88.1b88.1d2023-11-22l0oLI 028.5 M357np1490/CSPr2023-11-22 14:28:25w2023-11-22yBK 00102ddc4070a57.2b57.2d2024-07-04l0pif662r2024-07-04 12:16:54w2024-07-04yBKzNu 00102ddc4070a57.2b57.2d2024-07-04l0pif666r2024-07-04 12:17:52w2024-07-04yBKzNu 00102ddc4070a57.2b57.2d2024-07-04l0pif678r2024-07-04 12:34:24w2024-07-04yBKzNu c72086d72086